| 000 | 00600nam a22001817a 4500 | ||
|---|---|---|---|
| 003 | OSt | ||
| 005 | 20251126100513.0 | ||
| 008 | 251126b |||||||| |||| 00| 0 eng d | ||
| 020 | _a971-8510-48-6. | ||
| 040 |
_aDWCL-Main lib _cOC |
||
| 082 | _aFil. 624.18341 B554r 1988 | ||
| 100 | _aBesavilla, Venancio I., Jr. | ||
| 245 |
_aReinforced concrete design : _bworking stress design, vol. 1 _cBesavilla, Venancio I., Jr. |
||
| 260 |
_aCebu City : _bVIB Publisher, _cc1988. |
||
| 300 |
_a529 pages ; _c22 cm. |
||
| 650 | _21. Reinforced concrete-Problems, exercises, etc. | ||
| 942 |
_2ddc _cBK - FIL _kFil. _n0 |
||
| 999 |
_c6361 _d6361 |
||